000 00545nam a22001817a 4500
003 OSt
005 20240522082243.0
008 240522b |||||||| |||| 00| 0 eng d
020 _a9781032084909
040 _cn
082 _a721.4 D999 2021
100 _aD'Souza, Newton
245 _aMULTI-SKILLED DESIGNER :
_ba cognitive foundation for inclusive architectural thinking /
_cNEWTON D'SOUZA
260 _bROUTLEDGE, [S.l.], 2021
300 _a242 p, 24 cm.
650 _zArchitects Psychology l Architectural design
942 _2ddc
_cBK-EN
_n0
999 _c6803
_d6803